[Event "10th EICC"]
[Site "Budva MNE"]
[Date "2009.03.08"]
[Round "3"]
[White "Kurmann,O"]
[Black "Petrosian,TL"]
[Result "0-1"]
[WhiteElo "2415"]
[BlackElo "2623"]

1.e4 c5 2.Nf3 Nc6 3.Nc3 g6 4.d4 cxd4 5.Nxd4 Bg7 6.Be3 Nf6 7.Bc4 O-O 8.Bb3 d6
9.f3 Qa5 10.Qd2 Nxd4 11.Bxd4 Be6 12.O-O-O b5 13.Kb1 b4 14.Nd5 Nxd5 15.Bxg7 Nc3+
16.bxc3 Kxg7 17.cxb4 Qb5 18.a4 Qc6 19.Qd4+ Kg8 20.Rd3 Rfc8 21.b5 Qc7 22.Qb2 Qa5
23.Qa2 a6 24.Bxe6 fxe6 25.Qxe6+ Kf8 26.b6 Qxb6+ 27.Rb3 Qc6 28.Rc1 Rab8 29.Qd5 Qc7
30.Qd2 Qc4 31.Kb2 Qxa4 32.Ra1 Qc4 33.h4 Rb5 34.Ra3 Rbc5 35.Rc3 Qb5+ 36.Rab3 Rxc3
37.Qh6+ Kg8 38.Rxb5 axb5 39.Qg5 Rxc2+ 40.Kb3 R8c3+ 41.Kb4 Rc4+ 42.Kb3 Rc7
43.f4 R2c3+ 44.Kb2 Rc2+ 45.Kb3 R7c3+ 46.Kb4 Rc4+ 47.Kb3 R2c3+ 48.Kb2 Rc2+
49.Kb3 R2c3+ 50.Kb2 Kf7 51.f5 Rc2+ 52.Kb3 R2c3+ 53.Kb2 Rc2+ 54.Kb3 gxf5 55.Qxf5+ Ke8
56.Qxb5+ Rc6 57.Qh5+ Kd8 58.Qxh7 R2c3+ 59.Kb4 Rc1 60.e5 Rb6+ 61.Ka5 Rb8 62.Qg8+ Kc7
63.exd6+ Kc6  0-1

[Event "10th EICC"]
[Site "Budva MNE"]
[Date "2009.03.10"]
[Round "5"]
[White "Savchenko,B"]
[Black "Dembo,Y"]
[Result "1/2-1/2"]
[WhiteElo "2654"]
[BlackElo "2456"]

1.e4 c5 2.Nf3 Nc6 3.Nc3 d6 4.d4 cxd4 5.Nxd4 Nf6 6.Bg5 e6 7.Qd2 a6 8.O-O-O Bd7
9.f4 Be7 10.Nf3 b5 11.Bxf6 gxf6 12.f5 Qb6 13.Ne2 O-O-O 14.g3 Qf2 15.Ne1 Ne5
16.Nd3 Qb6 17.Ndf4 Nc4 18.Qd4 e5 19.Qxb6 Nxb6 20.Nd5 Nxd5 21.Rxd5 Bc6 22.Nc3 b4
23.Bxa6+ Kc7 24.Nd1 Bxd5 25.exd5 Kb6 26.Bc4 Rc8 27.Bb3 Rhg8 28.Re1 Rg4 29.Nf2 Rd4
30.Re4 Bf8 31.Rxd4 exd4 32.Ba4 Rc7 33.Ne4 Re7 34.Nxf6 Ka5 35.Bb3 Bg7 36.Nh5 Bh6+
37.Kd1 Re5 38.Nf6 Bg7 39.Nh5 Bh8 40.Nf4 Rxf5 41.Ke2 Re5+ 42.Kf2 Bg7 43.Bc4 Bh6
44.Nd3 Re8 45.Kf3 f5 46.Kf2 Rc8 47.b3 Re8 48.Ne1 Be3+  1/2-1/2

[Event "10th EICC"]
[Site "Budva MNE"]
[Date "2009.03.10"]
[Round "5"]
[White "Tomic,Bos"]
[Black "Smirnov,Arte"]
[Result "1-0"]
[WhiteElo "2384"]
[BlackElo "2449"]

1.e4 c5 2.Nf3 Nc6 3.Nc3 d6 4.d4 cxd4 5.Nxd4 Nf6 6.Bg5 Bd7 7.Be2 Qa5 8.Bxf6 gxf6
9.Nb3 Qg5 10.g3 Rc8 11.h4 Qg6 12.Bh5 Qh6 13.Nd5 f5 14.exf5 Bxf5 15.Ne3 Be6
16.Ng4 Qg7 17.O-O Rg8 18.Ne3 Qxb2 19.Re1 Qf6 20.Nd5 Qf5 21.Ne3 Qf6 22.Nd5 Qh6
23.c4 Bg7 24.Rc1 Be5 25.Nd2 Nd4 26.Ne4 Kf8 27.Ne3 f6 28.Ng2 Bh3 29.Kh2 Bxg2
30.Kxg2 d5 31.Bg4 Rc7 32.Ng5 Rxc4 33.Rxc4 dxc4 34.Ne6+ Nxe6 35.Bxe6 Bd6 36.Bxg8 Kxg8
37.Qd5+ Kg7 38.Re4 Qg6 39.Rxc4 b6 40.h5 Qg5 41.Qe6 f5 42.h6+ Qxh6 43.Qxf5 Qf6
44.Rg4+ Kf7 45.Qc8 Qh6 46.Qg8+ Kf6 47.Re4 e5 48.Rh4 Qg7 49.Qxh7 Qxh7 50.Rxh7 a5
51.Rh6+ Ke7 52.Kf3 a4 53.Rh7+ Ke6 54.Ra7 a3 55.Ke4 Bc5 56.f3 Bd6 57.Rb7 Bc5
58.g4 Kd6 59.g5 Kc6 60.g6  1-0

[Event "10th EICC w"]
[Site "St Petersburg RUS"]
[Date "2009.03.10"]
[Round "3"]
[White "Vasilevich,I"]
[Black "Limontaite,S"]
[Result "1/2-1/2"]
[WhiteElo "2340"]
[BlackElo "2206"]

1.e4 c5 2.Nc3 Nc6 3.Bb5 g6 4.Bxc6 dxc6 5.d3 e5 6.f4 exf4 7.Bxf4 Bh6 8.Bxh6 Qh4+
9.g3 Qxh6 10.Qf3 Qg5 11.Qf2 h5 12.Nf3 Qe7 13.O-O-O Bg4 14.h3 Bxf3 15.Qxf3 O-O-O
16.Rhf1 f6 17.Rde1 Qe6 18.Kb1 Qxh3 19.e5 f5 20.Qe3 Qg4 21.Rf4 Qg5 22.Qxc5 Qxg3
23.Rff1 Kb8 24.d4 Rh7 25.d5 cxd5 26.Nb5 b6 27.Qc6 Rhd7 28.Rg1 Ne7 29.Qf6 Qf2
30.e6 Rb7 31.Qe5+ Ka8 32.Nc7+ Kb8 33.Nxd5+ Ka8 34.Nc7+ Kb8 35.Nd5+ Ka8 36.Nxe7 Rxe7
37.Rd1 Rd2 38.Qc3 Rxd1+ 39.Rxd1 Qc5 40.Qf6 Kb7 41.a3 Rc7 42.Rd2 Qc6 43.Qxg6 f4
44.Qf5 f3 45.Qxh5 Qxe6 46.Qxf3+ Qc6 47.Qf5 Re7 48.Rd1 Qe6 49.Qf3+ Qc6 50.Qf8 Rc7
51.Qf5 a5 52.Re1 Qc5 53.Re5 Qc6 54.Re6 Qc5 55.Qe4+ Ka7 56.Re8 Qc6 57.Qe2 Qh1+
58.Ka2 Qd5+ 59.b3 a4 60.Re7 axb3+ 61.cxb3 Qc5 62.Rxc7+ Qxc7 63.a4 Qd6 64.Qe3 Qb4
65.Qc1 Qe7 66.Qc4 Qd7 67.Qc3 Qe7 68.Qd4 Kb7 69.Qd5+ Ka7 70.Qb5 Qd6 71.Qc4 Qd2+
72.Ka3 Qd6+ 73.b4 Qg3+ 74.Qb3 Qc7 75.Qe3 Kb7 76.Qf3+ Ka7 77.Kb3 Qd7 78.Qc3 Qd1+
79.Ka3 Qd6 80.Qg7+ Kb8 81.Qh8+ Ka7 82.Qh7+ Kb8 83.Qh3 Qe5 84.Qd3 Qe7 85.Kb3 Qe6+
86.Kc3 Qc6+ 87.Kb3 Qe6+ 88.Ka3 Qe7 89.Qd4 Kb7 90.Qd5+ Ka7 91.a5 bxa5 92.Qxa5+ Kb7
93.Qd5+ Kb6 94.Ka4 Qd7+ 95.Kb3 Qe7 96.Qa5+ Kb7 97.Ka4 Qd6 98.Qb5+ Ka7 99.Qf5 Kb6
100.Qf2+ Kb7  1/2-1/2

[Event "10th EICC w"]
[Site "St Petersburg RUS"]
[Date "2009.03.10"]
[Round "3"]
[White "Calzetta,M"]
[Black "Umudova,N"]
[Result "1/2-1/2"]
[WhiteElo "2371"]
[BlackElo "2227"]

1.e4 c5 2.Nc3 Nc6 3.Nf3 Nf6 4.Bb5 Qc7 5.d3 Nd4 6.Bc4 a6 7.a4 e6 8.Be3 Nc6
9.h3 b6 10.O-O Bb7 11.Bg5 Nd4 12.Nxd4 cxd4 13.Ne2 Nxe4 14.dxe4 Qxc4 15.Nxd4 Bxe4
16.Re1 Bb7 17.Qg4 Qd5 18.c4 h5 19.cxd5 hxg4 20.dxe6 fxe6 21.hxg4 Bb4 22.Nxe6 Bxe1
23.Nc7+ Kf7 24.Nxa8 Bxf2+ 25.Kxf2 Bxa8 26.Be3 Rc8 27.Rc1 Rxc1 28.Bxc1 Bc6  1/2-1/2

[Event "10th EICC w"]
[Site "St Petersburg RUS"]
[Date "2009.03.10"]
[Round "3"]
[White "Girya,O"]
[Black "Lomineishvili,M"]
[Result "1/2-1/2"]
[WhiteElo "2315"]
[BlackElo "2437"]

1.e4 c5 2.Nc3 Nc6 3.Bb5 Nd4 4.Bc4 e6 5.Nf3 Nf6 6.O-O a6 7.d3 b5 8.Bb3 Nxb3
9.axb3 Bb7 10.e5 b4 11.Nb1 Nd5 12.Nbd2 Be7 13.Ne4 O-O 14.Qe2 f5 15.exf6 Nxf6
16.Nfd2 Nd5 17.Nc4 Nf4 18.Bxf4 Rxf4 19.Ng3 Qc7 20.Nh5 Rf5 21.Ng3 Rf6 22.Qe5 d6
23.Qe2 Raf8 24.Rae1 Rg6 25.Ne3 Qc6 26.f4 Rgf6 27.f5 e5 28.c4 bxc3 29.bxc3 R6f7
30.c4 Bh4 31.Qh5 Bxg3 32.hxg3 Qe8 33.g4 Re7 34.Qh4 e4 35.f6 Rxf6 36.Rxf6 gxf6
37.Nf5 Re6 38.d4 cxd4 39.Nxd4 Re5 40.Qxf6 Qf8 41.Qxf8+ Kxf8 42.Kf2 Ra5 43.Ke3 d5
44.c5 Bc8 45.c6 Bxg4 46.Kf4 h5 47.Rc1 Bc8 48.Rc2 Ke8 49.Ke5 Ke7 50.b4 Ra4
51.Rb2 Bg4 52.Kxd5 e3 53.Rb3 e2 54.Re3+ Kf6 55.Nxe2 Rxb4 56.Nd4 Rb2 57.g3 Rd2
58.Kc5 Rd1 59.c7 a5 60.Nb5 Rc1+ 61.Kb6 a4 62.Re4 Bd7 63.Rxa4 Bxb5 64.Kxb5  1/2-1/2

[Event "10th EICC"]
[Site "Budva MNE"]
[Date "2009.03.11"]
[Round "6"]
[White "Karisik,N"]
[Black "Ketzetzis,G"]
[Result "0-1"]
[WhiteElo "2023"]
[BlackElo "2243"]

1.e4 c5 2.Nf3 Nc6 3.Nc3 Nf6 4.Bc4 e6 5.d4 cxd4 6.Nxd4 Qc7 7.O-O a6 8.Re1 Nxd4
9.Qxd4 Bc5 10.Nd5 exd5 11.exd5+ Kd8 12.Qh4 Re8 13.Bg5 Qd6 14.Qxh7 Rxe1+ 15.Rxe1 Kc7
16.Qh4 Qb6 17.b3 Qb4 18.c3 Qxc3 19.Rc1 Qb2 20.Bf1 Ne4 21.Rc4 f5 22.Be3 b5
23.Rxe4 fxe4 24.Bxc5 Qe5 25.d6+ Kc6 26.b4 g5 27.Qg4 a5 28.Qe2 Ba6 29.a3 Rf8
30.Qc2 Kb7 31.g3 Ka8 32.Qe2 Rf3 33.Qa2 Rf8 34.Qd2 Bb7 35.Be3 a4 36.Bxg5 e3
37.Bxe3 Qe4 38.f4 Re8 39.Kf2 Qf3+ 40.Kg1 Rxe3  0-1

[Event "10th EICC"]
[Site "Budva MNE"]
[Date "2009.03.11"]
[Round "6"]
[White "Ibarra Jerez,JC"]
[Black "Golubovic,B"]
[Result "1/2-1/2"]
[WhiteElo "2513"]
[BlackElo "2403"]

1.e4 c5 2.Nf3 Nc6 3.Nc3 g6 4.d4 cxd4 5.Nxd4 Bg7 6.Be3 Nf6 7.Bc4 O-O 8.Bb3 a5
9.O-O a4 10.Nxa4 Nxe4 11.Nb5 d5 12.Bb6 Qd7 13.f3 Ne5 14.Nac3 Nxc3 15.Nxc3 Nc4
16.Bxc4 dxc4 17.Qe2 Ra6 18.Rfd1 Qe6 19.Be3 Rd6 20.Rxd6 Qxd6 21.Qxc4 Be6 22.Qc5 Rc8
23.Qxd6 exd6 24.Rd1 Bxc3 25.bxc3 Rxc3 26.Bh6 Rc6 27.Rb1 Bc8 28.Rb2 f6 29.Bd2 Kf7
30.Bb4 b5 31.c3 Be6 32.Re2 Bc4 33.Re1 Bxa2 34.Ra1 Ra6 35.Bxd6 Rxd6 36.Rxa2 Rc6
37.Ra7+  1/2-1/2

[Event "10th EICC"]
[Site "Budva MNE"]
[Date "2009.03.12"]
[Round "7"]
[White "Vedmediuc,S"]
[Black "Maze,S"]
[Result "1/2-1/2"]
[WhiteElo "2414"]
[BlackElo "2579"]

1.e4 c5 2.Nf3 Nc6 3.Nc3 g6 4.Bb5 Bg7 5.Bxc6 bxc6 6.O-O e5 7.d3 d6 8.Be3 Ne7
9.Qd2 h6 10.Ne1 g5 11.a3 a5 12.f3 f5 13.exf5 Nxf5 14.Bf2 O-O 15.Ne4 Nd4 16.Qd1 Ba6
17.c3 Ne6 18.Nc2 Nf4 19.c4 Bc8 20.b3 Be6 21.Be3 Qe7 22.Qd2 Rfb8 23.b4 cxb4
24.axb4 d5 25.cxd5 cxd5 26.Nc5 axb4 27.Rxa8 Rxa8 28.Qxb4 Bf7 29.Re1 Ra2 30.Qb1 d4
31.Bxf4 Qxc5 32.Nb4 Ra3 33.Bd2 Rb3 34.Qc1 Rc3 35.Qb2 Bf8 36.Rb1 Qb6 37.Kf1 Rc8
38.Ke2 g4 39.fxg4 e4 40.dxe4 Qg6 41.Kf2 Qxe4 42.Re1 Qxg4 43.h3 Qh4+ 44.Kg1 Bd6
45.Rf1 Re8 46.Qc1 Qg3 47.Bf4 Bxf4 48.Qxf4 Qg7 49.Rf3 Re3 50.Rxe3 dxe3 51.Qxe3 Qg5
52.Qd4 Qc1+ 53.Kh2 Qc7+ 54.Kg1 Qc1+ 55.Kf2 Qc4 56.Qd6 Qh4+ 57.Kg1 Qe1+ 58.Kh2 Qe6
59.Qc7 Qf6 60.Nc6 Be8 61.Ne7+ Kf8 62.Nd5 Qg5 63.Qd6+ Kg7 64.Qc7+ Bf7 65.Qc3+ Kh7
66.Nf6+ Kg6 67.Ng4 Be6 68.Qd3+ Kg7 69.Qd4+ Kg8 70.Ne5 Qf6 71.Qe4 Kh8 72.Nf3 Bd7
73.Qe5 Qxe5+ 74.Nxe5 Be6 75.g4 Kg7 76.Kg3 Kf6 77.Kf4 Bd5 78.h4 Be6 79.Nf3 Bb3
80.Nd4 Bd1 81.Nf5 Kg6 82.Ne3 Be2 83.Nd5 Bd1 84.Nc3 Bc2 85.Ke5 Bb3 86.Ne2 Bd1
87.Nf4+ Kf7 88.Kf5 Bc2+ 89.Ke5 Bd1 90.Kf5 Bc2+  1/2-1/2

[Event "10th EICC"]
[Site "Budva MNE"]
[Date "2009.03.12"]
[Round "7"]
[White "Berke,A"]
[Black "Onoprienko,V"]
[Result "1-0"]
[WhiteElo "2081"]
[BlackElo "2372"]

1.e4 c5 2.Ne2 Nc6 3.Nbc3 g6 4.d4 cxd4 5.Nxd4 Bg7 6.Nde2 a6 7.a4 Rb8 8.g3 b5
9.axb5 axb5 10.Bg2 Nf6 11.O-O O-O 12.h3 b4 13.Nd5 Nxd5 14.exd5 Ne5 15.Ra2 Nc4
16.b3 Nd6 17.Bb2 Bxb2 18.Rxb2 Ra8 19.Rb1 Qc7 20.Nd4 Qc5 21.Re1 Re8 22.Qd2 Bb7
23.Rbd1 Ra2 24.Ra1 Rxa1 25.Rxa1 Bxd5 26.Bxd5 Qxd5 27.Qxb4 Rc8 28.c3 Qe4 29.Rd1 h5
30.h4 Ra8 31.Qc5 Ra2 32.Qg5 f6 33.Qe3 Qxe3 34.fxe3 Ne4 35.c4 Nxg3 36.b4 g5
37.hxg5 h4 38.Nf3 h3 39.Rd2 Ra1+ 40.Kh2 Nf1+ 41.Kxh3 Nxd2 42.Nxd2 Re1 43.gxf6 Rxe3+
44.Kg4 exf6 45.Kf5 Kg7 46.b5 d5 47.c5 Rc3 48.c6 Kf7 49.Nb3 Ke7 50.Nd4 Rc1
51.b6 Rf1+ 52.Kg6 Rg1+ 53.Kf5 Rg5+ 54.Kf4 Rg8 55.b7  1-0

[Event "10th EICC w"]
[Site "St Petersburg RUS"]
[Date "2009.03.12"]
[Round "5"]
[White "Avdeenko,T"]
[Black "Daulyte,D"]
[Result "0-1"]
[WhiteElo "2168"]
[BlackElo "2279"]

1.e4 c5 2.Nc3 Nc6 3.Bb5 Nd4 4.Bc4 d6 5.Nf3 Nf6 6.h3 g6 7.d3 Nxf3+ 8.Qxf3 Bg7
9.O-O O-O 10.Be3 Nd7 11.Bb3 Rb8 12.a4 a6 13.Qg3 b5 14.axb5 axb5 15.f4 c4
16.dxc4 bxc4 17.Bxc4 Rxb2 18.Nb5 Rxc2 19.Bb3 Rb2 20.Rab1 Rxb1 21.Rxb1 Bb7
22.Bd5 Bxd5 23.exd5 Qa8 24.Nc7 Qa5 25.Rb7 Nc5 26.Bxc5 Qxc5+ 27.Kh2 Bd4 28.Qf3 Qc1
29.Na6 Qg1+ 30.Kg3 Qe1+  0-1

[Event "10th EICC"]
[Site "Budva MNE"]
[Date "2009.03.14"]
[Round "8"]
[White "Ibarra Jerez,JC"]
[Black "Tomic,Bos"]
[Result "1-0"]
[WhiteElo "2513"]
[BlackElo "2384"]

1.e4 c5 2.Nf3 Nc6 3.Nc3 g6 4.d4 cxd4 5.Nxd4 Bg7 6.Be3 Nf6 7.Bc4 Qa5 8.O-O O-O
9.Nb3 Qc7 10.Bg5 a6 11.Be2 e6 12.Qd2 b5 13.a3 d6 14.Rad1 Ne8 15.f4 Ne7 16.Nd4 e5
17.Nb3 Be6 18.f5 gxf5 19.Bxe7 Qxe7 20.exf5 Bxb3 21.cxb3 Rd8 22.Nd5 Qa7+ 23.Kh1 Nf6
24.Qg5 Nxd5 25.Rxd5 f6 26.Qd2 Rf7 27.a4 bxa4 28.bxa4 Kh8 29.Bc4 Bf8 30.b3 Rg7
31.Qe2 Rb8 32.Rf3 a5 33.h3 Rc8 34.Qd2 Rc5 35.Rfd3 Rg5 36.Rxc5 Qxc5 37.Rd5 Qa3
38.Rxa5 d5 39.Rxd5 e4 40.Kh2 e3 41.Qxe3 Bd6+ 42.Kh1 Qb2 43.Qe2 Qa3 44.Rd1 Kg7
45.g4 Qc5 46.h4 Qc6+ 47.Rd5  1-0

[Event "10th EICC"]
[Site "Budva MNE"]
[Date "2009.03.14"]
[Round "8"]
[White "Fedorchuk,S"]
[Black "Saric,Iv"]
[Result "1-0"]
[WhiteElo "2633"]
[BlackElo "2566"]

1.e4 c5 2.Nf3 Nc6 3.Nc3 Nf6 4.Bb5 Qc7 5.d3 a6 6.Bxc6 Qxc6 7.O-O e6 8.Bg5 b5
9.Ne5 Qb7 10.Bxf6 gxf6 11.Ng4 Bg7 12.Re1 Rg8 13.Qe2 d6 14.Ne3 Bd7 15.Qh5 Bc6
16.a4 f5 17.axb5 axb5 18.Rxa8+ Qxa8 19.exf5 Bxc3 20.fxe6 Rg6 21.Qxh7 Rxe6
22.bxc3 Ke7 23.h3 Qf8 24.Ra1 Qb8 25.Nf5+ Kf6 26.Qh6+ Kxf5 27.g4+ Ke5 28.Qg5+  1-0

[Event "10th EICC w"]
[Site "St Petersburg RUS"]
[Date "2009.03.14"]
[Round "7"]
[White "Vasilevich,I"]
[Black "Fakhiridou,E"]
[Result "1-0"]
[WhiteElo "2340"]
[BlackElo "2257"]

1.e4 c5 2.Nc3 Nc6 3.Bb5 g6 4.Bxc6 bxc6 5.d3 Bg7 6.f4 d6 7.Nf3 e6 8.O-O Ne7
9.Na4 O-O 10.Rb1 Ba6 11.c4 Nc8 12.Be3 Nb6 13.e5 Nxa4 14.Qxa4 Bb7 15.Qa3 Re8
16.b4 dxe5 17.bxc5 exf4 18.Bxf4 e5 19.Bxe5 Rxe5 20.Nxe5 Bxe5 21.Rxb7 Qd4+
22.Kh1 Re8 23.Rbxf7 Qh4 24.g3 Bxg3 25.Qb2 Re3 26.Qg7+  1-0

[Event "10th EICC w"]
[Site "St Petersburg RUS"]
[Date "2009.03.14"]
[Round "7"]
[White "Stjazhkina,O"]
[Black "Korchagina,V"]
[Result "1/2-1/2"]
[WhiteElo "2280"]
[BlackElo "2187"]

1.e4 c5 2.Nc3 Nc6 3.Bb5 Nd4 4.Bc4 e6 5.Nf3 Nf6 6.O-O a6 7.d3 b5 8.Bb3 Nxb3
9.axb3 Bb7 10.e5 Nd5 11.Ne4 Be7 12.d4 cxd4 13.Qxd4 Qb6 14.Re1 O-O 15.c4 bxc4
16.bxc4 Qxd4 17.Nxd4 Nb4 18.Nd6 Bxd6 19.exd6 f6 20.Bd2 Nd3 21.Re3 Ne5 22.Rc3 Nc6
23.Nxc6 Bxc6 24.b4 Rfc8 25.Be3 e5 26.Bb6 Rcb8 27.Ba5 Kf7 28.Rb3 f5 29.Bc7 Re8
30.Rba3 Bb7 31.f3 Rec8 32.Ra5 Kf6 33.Kf2 Rf8 34.b5 axb5 35.cxb5 Rxa5 36.Bxa5 Ra8
37.Bc3 Rxa1 38.Bxa1 g5  1/2-1/2

[Event "10th EICC"]
[Site "Budva MNE"]
[Date "2009.03.16"]
[Round "10"]
[White "Lamoureux,C"]
[Black "Solic,K"]
[Result "1/2-1/2"]
[WhiteElo "2374"]
[BlackElo "2204"]

1.e4 c5 2.Nf3 Nc6 3.Nc3 d6 4.d4 cxd4 5.Nxd4 Nf6 6.Be2 e5 7.Nf3 h6 8.O-O Be7
9.h3 Be6 10.Re1 O-O 11.Bf1 Rc8 12.b3 a6 13.Bb2 Qa5 14.a3 b5 15.Re2 Rfe8 16.g3 Nb8
17.Qe1 Qc7 18.Bg2 Qc5 19.Na2 Rc7 20.Bc3 Qa7 21.Ba5 Rcc8 22.Nb4 Nc6 23.Nxc6 Rxc6
24.a4 Qd7 25.Kh2 Rec8 26.Qd1 Qb7 27.axb5 axb5 28.Bb4 Qc7 29.Ba5 Qb7 30.Bb4 Rd8
31.Qe1 Rdc8 32.Ra2 Ra6 33.Rxa6 Qxa6 34.Nxe5 dxe5 35.Bxe7 Nd7 36.Rd2 Nc5 37.Qe3 Nb7
38.Bf1 Qa5 39.Qe2 Re8 40.Bd6 Rd8 41.b4 Qa1 42.Rd1 Qc3 43.Rd3 Qa1 44.Bxe5 Qxe5
45.Rxd8+ Nxd8 46.Qxb5 Qxb5 47.Bxb5 Nb7 48.e5 f6 49.f4 fxe5 50.fxe5 Kf7 51.c4 Nd8
52.g4 Bc8 53.Kg3 Ke6 54.Kf4 Bb7 55.g5 Nf7 56.h4 Nxe5 57.c5 Nc6 58.Bc4+ Ke7
59.Bd5 Nxb4 60.Bxb7 Nd3+ 61.Kf5 Nxc5 62.Kg6 hxg5 63.hxg5 Nxb7 64.Kxg7 Nd6
65.g6 Ne8+ 66.Kh8 Kf6 67.g7 Nxg7  1/2-1/2

[Event "10th EICC"]
[Site "Budva MNE"]
[Date "2009.03.16"]
[Round "10"]
[White "Brkic,A"]
[Black "Kotronias,V"]
[Result "1/2-1/2"]
[WhiteElo "2550"]
[BlackElo "2603"]

1.e4 c5 2.Nf3 Nc6 3.Nc3 Nf6 4.Bb5 g6 5.h3 Bg7 6.e5 Ng8 7.Bxc6 dxc6 8.d3 Nh6
9.g4 O-O 10.Qe2 Qb6 11.a4 a5 12.Bf4 f5 13.g5 Nf7 14.O-O-O Be6 15.h4 Rfd8
16.h5 Rd4 17.Be3 Rb4 18.b3 Bxb3 19.cxb3 Rxb3 20.Qc2 Qb4 21.Nb1 Nxe5 22.Nxe5 Bxe5
23.Qc4+ Qxc4+ 24.dxc4 b5 25.hxg6 hxg6 26.Bxc5 bxa4 27.Rhe1 Bf4+ 28.Kc2 Rab8
29.Bxe7 Rb2+ 30.Kc3 Rxf2 31.Kd4 Rf3 32.Rh1 Re8 33.Rde1 Be3+ 34.Rxe3 c5+ 35.Kd3 Rxe3+
36.Kxe3 Rxe7+ 37.Kd3 Rd7+ 38.Ke2 Re7+ 39.Kf2 Rb7 40.Nc3 Rb4 41.Ra1 Rxc4 42.Nxa4 Kf7
43.Nb6 Rf4+ 44.Ke2 Rg4  1/2-1/2

[Event "10th EICC w"]
[Site "St Petersburg RUS"]
[Date "2009.03.16"]
[Round "8"]
[White "Kochetkova,J"]
[Black "Lelekova,O"]
[Result "0-1"]
[WhiteElo "2315"]
[BlackElo "2222"]

1.e4 c5 2.Nc3 Nc6 3.Bb5 e6 4.Nf3 Qc7 5.O-O d6 6.Re1 Bd7 7.d4 cxd4 8.Nxd4 Nf6
9.Bg5 Be7 10.Bf1 a6 11.Qd2 O-O 12.Rad1 Rfd8 13.Nde2 Be8 14.Nf4 b5 15.h4 b4
16.Bxf6 Bxf6 17.Ncd5 exd5 18.Nxd5 Qa7 19.Nxf6+ gxf6 20.Qh6 Ne5 21.Qxf6 Ng6
22.h5 Qe7 23.Qd4 Ne5 24.Re3 f6 25.Be2 a5 26.Rg3+ Kh8 27.Qe3 Bf7 28.b3 Rac8
29.f4 Rc3 30.Qf2 Rxg3 31.Qxg3 Rg8 32.Qh4 Nd7 33.Bf3 Nc5 34.Re1 Re8 35.Kh2 f5  0-1

[Event "10th EICC w"]
[Site "St Petersburg RUS"]
[Date "2009.03.17"]
[Round "9"]
[White "Calzetta,M"]
[Black "Paikidze,N"]
[Result "1/2-1/2"]
[WhiteElo "2371"]
[BlackElo "2280"]

1.e4 c5 2.Nc3 Nc6 3.Bb5 d6 4.f4 Bd7 5.Nf3 g6 6.O-O Bg7 7.d3 Nf6 8.a4 O-O
9.Qe1 Nd4 10.Bxd7 Nxc2 11.Qd1 Nxa1 12.Bh3 c4 13.dxc4 Qb6+ 14.Kh1 e6 15.e5 Ne8
16.Nb5 Rd8 17.a5 Qc6 18.b3 Nc7 19.Nfd4 Qd7 20.Nxd6 f6 21.Ba3 fxe5 22.Nxe6 Nxe6
23.Qd5 Rf6 24.Rxa1 Rdf8 25.g3 g5 26.Ne4 Qxd5 27.cxd5 Nd4 28.Nxf6+ Rxf6 29.fxe5 Rf2
30.Bd6 Nf3 31.Bg2 Nxe5 32.Re1 Ng4 33.h3 Nf6 34.Bc5 Rd2 35.d6 b6 36.axb6 axb6
37.Bxb6 Rxd6 38.Bc5 Rd3 39.Bf1 Rxg3 40.Bc4+ Kh8 41.Rd1 h5 42.Rd8+ Kh7 43.Rd3 Rxd3
44.Bxd3+ Kg8 45.Bc4+ Kh7 46.b4 g4 47.Be6 Kg6 48.hxg4 hxg4 49.b5 Ne4 50.Be3 Be5
51.Bxg4 Nc3 52.b6 Nd5 53.Bc8 Nxb6 54.Bxb6 Kg5  1/2-1/2

[Event "TOP 16 GpA"]
[Site "Clichy FRA"]
[Date "2009.03.20"]
[Round "1"]
[White "Wunderman,X"]
[Black "Aguettaz,M"]
[Result "0-1"]
[WhiteElo "2183"]
[BlackElo "2396"]

1.e4 c5 2.Nc3 Nc6 3.Bb5 Nd4 4.Bc4 e6 5.Nf3 Nf6 6.O-O a6 7.d3 b5 8.Bb3 Nxb3
9.axb3 Bb7 10.e5 b4 11.Na4 Nd5 12.d4 Rc8 13.c4 bxc3 14.bxc3 cxd4 15.Qxd4 Qc7
16.Bd2 Ne7 17.Qg4 Ng6 18.Rfe1 Be7 19.Rad1 O-O 20.c4 Rb8 21.Rb1 Rfc8 22.Bc3 Bc6
23.c5 Bxa4 24.bxa4 Qxc5 25.Rxb8 Rxb8 26.Bd4 Qc6 27.h4 Qxa4 28.h5 Nf8 29.Qg3 Qc2  0-1

[Event "10th Dos Hermanas Internet"]
[Site "ICC INT"]
[Date "2009.03.20"]
[Round "1.3"]
[White "Jones,G"]
[Black "Zinchenko,Ya"]
[Result "0-1"]
[WhiteElo "2540"]
[BlackElo "2527"]

1.e4 c5 2.Nc3 Nc6 3.Bb5 Qc7 4.Nf3 Nf6 5.O-O Nd4 6.Bc4 e6 7.h3 a6 8.a4 Be7
9.d3 O-O 10.Ba2 d6 11.Nxd4 cxd4 12.Ne2 Qc5 13.c3 dxc3 14.bxc3 e5 15.Be3 Qc7
16.Rb1 Rb8 17.Ba7 Ra8 18.Bb6 Qc6 19.f4 Be6 20.Bxe6 fxe6 21.Qb3 Qd7 22.Be3 Rab8
23.Ba7 Ra8 24.Be3 Rab8 25.c4 Kh8 26.a5 exf4 27.Nxf4 e5 28.Nd5 Nxd5 29.Rxf8+ Bxf8
30.cxd5 Qc7 31.Bb6 Qc8 32.Qb2 Qd7 33.Rc1 Rc8 34.Kh2 Be7 35.Rc3 h5 36.Qc1 Rxc3
37.Qxc3 Bg5 38.Qc7 Qa4 39.Qc8+ Kh7 40.Qf5+ Kh6 41.h4 Bf4+ 42.Kh3 Qd1 43.Qe6+ g6  0-1

[Event "25th Spring Festival"]
[Site "Budapest HUN"]
[Date "2009.03.21"]
[Round "2"]
[White "Mayer,I"]
[Black "Radnai,A"]
[Result "1-0"]
[WhiteElo "2117"]
[BlackElo "2286"]

1.e4 c5 2.Nf3 Nc6 3.Nc3 Nf6 4.d4 cxd4 5.Nxd4 e5 6.Ndb5 d6 7.Bg5 a6 8.Na3 b5
9.Nd5 Qa5+ 10.Bd2 Qd8 11.Bg5 Be7 12.Bxf6 Bxf6 13.c3 Ne7 14.Nc2 Nxd5 15.Qxd5 Rb8
16.Ne3 Bg5 17.Qd3 Bxe3 18.Qxe3 Qb6 19.Qg3 O-O 20.Bd3 b4 21.O-O bxc3 22.bxc3 Qc5
23.Rab1 Rxb1 24.Bxb1 Be6 25.Rd1 Rb8 26.Qd3 Rb2 27.Rd2 Qxc3 28.Rxb2 Qc1+ 29.Qf1 Qxb2
30.Bd3 a5 31.a4 g6 32.h3 Qd4 33.Qb1 Qxa4 34.Qb8+ Kg7 35.Qxd6 Qd4 36.Qa3 Qb4
37.Qa1 f6 38.Bc2 Bd7 39.Qd1 Qd4 40.Qb1 a4 41.Qb7 a3 42.Bb3 Kh6 43.Bd5 Qd2
44.Qa7 Qd1+ 45.Kh2 Qa4 46.Qe3+ g5 47.Qc5 Be8 48.Qf8+ Kg6 49.Be6 g4 50.Bf5+ Kg5
51.h4+  1-0

[Event "TOP 16 GpA"]
[Site "Mulhouse FRA"]
[Date "2009.03.21"]
[Round "2"]
[White "Vuilleumier,A"]
[Black "Berthelot,Y"]
[Result "1-0"]
[WhiteElo "2305"]
[BlackElo "2323"]

1.e4 c5 2.Nf3 Nc6 3.Nc3 d6 4.d4 cxd4 5.Nxd4 Nf6 6.Bg5 e6 7.Qd2 a6 8.O-O-O Nxd4
9.Qxd4 Be7 10.f4 O-O 11.Bc4 b5 12.Bb3 Ne8 13.Bxe7 Qxe7 14.Kb1 Qa7 15.Rhf1 Qxd4
16.Rxd4 Rb8 17.a3 Rb6 18.a4 Nc7 19.a5 Rc6 20.Na2 Rd8 21.Rfd1 Ne8 22.Nb4 Rc5
23.c4 bxc4 24.Rxc4 Rxc4 25.Bxc4 Kf8 26.g3 Bb7 27.e5 d5 28.Bd3 h6 29.Rc1 Ra8
30.Nc6 Rc8 31.Nd4 Rxc1+ 32.Kxc1 Ke7 33.Kd2 f6 34.Kc3 Kd7 35.Kb4 Bc8 36.Kc5 fxe5
37.fxe5 Kc7 38.Bg6  1-0

[Event "TCh-BEL 2008-9"]
[Site "Belgium BEL"]
[Date "2009.03.22"]
[Round "11"]
[White "Zhang,T"]
[Black "Chokouhian,A"]
[Result "1/2-1/2"]
[WhiteElo "2240"]
[BlackElo "1972"]

1.e4 c5 2.Nf3 Nc6 3.Nc3 d6 4.d4 cxd4 5.Nxd4 Nf6 6.Bg5 e6 7.Qd2 Be7 8.O-O-O a6
9.f4 Bd7 10.Nf3 Qc7 11.e5 dxe5 12.fxe5 Ng8 13.Ne4 f6 14.Bf4 f5 15.Nd6+ Bxd6
16.Qxd6 Qxd6 17.Rxd6 h6 18.h4 Nge7 19.Bc4 Nc8 20.Rd2 Nb6 21.Rhd1 O-O-O 22.Bb3 Na5
23.g3 Nxb3+ 24.axb3 Nd5 25.c4 Nb4 26.Nd4 Nc6 27.Nf3 Be8 28.Rxd8+ Nxd8 29.Rd6 Bd7  1/2-1/2

[Event "TOP 16 GpA"]
[Site "Mulhouse FRA"]
[Date "2009.03.22"]
[Round "3"]
[White "Riff,JN"]
[Black "Chomet,P"]
[Result "1/2-1/2"]
[WhiteElo "2520"]
[BlackElo "2348"]

1.e4 c5 2.Nf3 Nc6 3.Nc3 g6 4.Bb5 Bg7 5.O-O Nf6 6.e5 Ng4 7.Bxc6 dxc6 8.Qe2 O-O
9.d3 Nh6 10.h3 Nf5 11.Bf4 Nd4 12.Nxd4 cxd4 13.Ne4 Qd5 14.Nd2 Bd7 15.Qe4 Qxe4
16.Nxe4  1/2-1/2

[Event "3rd Georgi Agzamov Mem"]
[Site "Tashkent AZE"]
[Date "2009.03.22"]
[Round "7"]
[White "Tseshkovsky,V"]
[Black "Kuzubov,Y"]
[Result "1-0"]
[WhiteElo "2542"]
[BlackElo "2626"]

1.e4 c5 2.Nc3 Nc6 3.Bb5 g6 4.Bxc6 dxc6 5.d3 Bg7 6.Be3 b6 7.Qd2 e5 8.h3 Be6
9.Nge2 Qe7 10.O-O Nf6 11.Bh6 O-O 12.Bxg7 Kxg7 13.Qg5 Qc7 14.f4 h6 15.Qh4 exf4
16.Nxf4 Qe5 17.Rf2 Rae8 18.Qg3 Bc8 19.Raf1 Nd7 20.Nce2 Qg5 21.Qh2 Ne5 22.Kh1 Kh7
23.Ng1 h5 24.Nf3 Nxf3 25.Rxf3 a5 26.b3 b5 27.Qg1 Re5 28.Qf2 Rg8 29.h4 Qh6
30.Nh3 Bxh3 31.Rxf7+ Rg7 32.gxh3 c4 33.bxc4 bxc4 34.Qa7 Rxf7 35.Qxf7+ Qg7
36.Qxc4 Re7 37.a4 Qe5 38.Kg2 Kg7 39.Rf2 Re6 40.c3 c5 41.Qd5 Qxd5 42.exd5 Re3
43.Rf3 Re2+ 44.Kg3 Re1 45.Kf2  1-0

[Event "3rd Georgi Agzamov Mem"]
[Site "Tashkent AZE"]
[Date "2009.03.23"]
[Round "8"]
[White "Kotsur,P"]
[Black "Potapov,P"]
[Result "0-1"]
[WhiteElo "2563"]
[BlackElo "2414"]

1.e4 c5 2.Nc3 Nc6 3.Bb5 Nd4 4.Bc4 e6 5.Nge2 Nf6 6.O-O a6 7.d3 d5 8.exd5 exd5
9.Nxd5 Nf3+ 10.gxf3 Nxd5 11.Re1 Be7 12.Ng3 Be6 13.f4 g6 14.f5 gxf5 15.Qh5 Nf6
16.Qe2 Nd5 17.Qh5 Nf6 18.Qh6 Ng4 19.Qf4 Qd7 20.h3 Nf6 21.Qe5 Rg8 22.Bxe6 fxe6
23.Qxe6 Qxe6 24.Rxe6 Kd7 25.Re5 Nh5 26.Kh2 Nxg3 27.fxg3 Bd6 28.Rxf5 Rxg3
29.Bf4 Rf3 30.Rf7+ Kc6 31.Bxd6 Rxf7 32.Bg3 Re8  0-1

[Event "Victor Ciocaltea Mem"]
[Site "Bucharest ROM"]
[Date "2009.03.24"]
[Round "2"]
[White "Burnoiu,N1"]
[Black "Shishkin,Va UKR"]
[Result "1/2-1/2"]
[WhiteElo "2453"]
[BlackElo "2493"]

1.e4 c5 2.Nf3 Nc6 3.Nc3 d6 4.d4 cxd4 5.Nxd4 Nf6 6.Bg5 Bd7 7.Qd2 h6 8.Bxf6 gxf6
9.O-O-O Nxd4 10.Qxd4 Qa5 11.f4 Rc8 12.Be2 Qc5 13.f5 h5 14.Kb1 h4 15.Qxc5 Rxc5
16.Nd5 Bh6 17.Rhf1 Rg8 18.Rg1 Bg5 19.g3 hxg3 20.Rxg3 Rh8 21.h3 e6 22.b4 Rc8
23.Ne3 Ke7 24.c4 Rh4 25.Bd3 Rch8 26.Rh1 Bc6 27.fxe6 fxe6 28.Ng2 R4h6 29.h4 Kf7
30.b5 Bd7 31.Rg1 Bd2 32.Kc2 Bb4 33.Nf4 R8h7 34.h5 Bc5 35.R1g2 e5 36.Nd5 Rxh5
37.Be2 Rh2 38.Rg7+ Rxg7 39.Rxh2 Bg4 40.Bxg4 Rxg4 41.Kd3 Rg3+ 42.Kc2 Kg6 43.Rh8 Rg2+
44.Kb3 Re2 45.Rf8 Rxe4 46.Rxf6+ Kg5 47.Rf7 Rh4 48.Rxb7 Rh3+ 49.Kc2 Kf5 50.Nc3 Rh2+
51.Kb3 Bd4 52.Rf7+ Ke6 53.Rf3 Bxc3 54.Rxc3 e4 55.a4 Ke7  1/2-1/2